[Event "SVK-chT 1617"]
[Site "Slovakia"]
[Date "2017.01.14"]
[Round "5.6"]
[White "Zambor, Norbert"]
[Black "Federic, Pavol"]
[Result "1-0"]
[WhiteElo "2289"]
[BlackElo "2143"]
[PlyCount "63"]
[EventDate "2016.10.22"]
[EventType "team-tourn"]
[EventRounds "11"]
[EventCountry "SVK"]
[SourceTitle "CBM 177 Extra"]
[Source "ChessBase"]
[SourceDate "2017.04.27"]
[SourceVersion "1"]
[SourceVersionDate "2017.04.27"]
[SourceQuality "1"]
[WhiteTeam "Prakovce"]
[BlackTeam "Modra"]
[WhiteTeamCountry "SVK"]
[BlackTeamCountry "SVK"]

1. e4 e5 2. Nf3 Nc6 3. Bb5 a6 4. Ba4 Nf6 5. d3 b5 6. Bb3 Bc5 7. 0-0 0-0 8. c3 Bb6 9. a4 Bb7 10. Bg5 h6 11. Bh4 d6 12. Na3 b4 13. Nc4 bxc3 14. bxc3 Na5 15. Nxb6 cxb6 16. Ba2 Rc8 17. Qd2 Bc6 18. Rfb1 Kh7 19. Rb4 b5 20. axb5 Bxb5 21. Bd5 Qc7 22. Bxf6 gxf6 23. c4 Bd7 24. Rb2 Rb8 25. Rxb8 Rxb8 26. Rxa5 Rb1+ 27. Ne1 Qb6 28. Ra2 Bg4 29. Kf1 Bd1 30. Qa5 Qb3 31. c5 Bc2 32. Bxb3 1-0

[Event "SVK-chT1W 1314"]
[Site "Slovakia"]
[Date "2014.03.22"]
[Round "10.5"]
[White "Federic, Pavol"]
[Black "Orgon, Dusan"]
[Result "0-1"]
[WhiteElo "2172"]
[BlackElo "2089"]
[PlyCount "70"]
[EventDate "2013.10.12"]
[EventType "team-tourn"]
[EventRounds "11"]
[EventCountry "SVK"]
[SourceTitle "EXT 2015"]
[Source "ChessBase"]
[SourceDate "2014.11.20"]
[SourceVersion "1"]
[SourceVersionDate "2014.11.20"]
[SourceQuality "1"]
[WhiteTeam "Modra"]
[BlackTeam "Dubnica nad Vahom II"]
[WhiteTeamCountry "SVK"]
[BlackTeamCountry "SVK"]

1. e4 e6 2. d4 d5 3. exd5 exd5 4. c4 Nf6 5. Nc3 c6 6. Nf3 Bd6 7. Bg5 Be6 8. cxd5 Bxd5 9. Nxd5 cxd5 10. Bb5+ Nc6 11. 0-0 0-0 12. Bxc6 bxc6 13. Rc1 h6 14. Bxf6 Qxf6 15. Rxc6 Bxh2+ 16. Kxh2 Qxc6 17. Ne5 Qd6 18. g3 Rac8 19. Kg2 Rc7 20. Re1 Rfc8 21. Qf3 Re7 22. Re3 f6 23. Ng6 Rxe3 24. Qxe3 Kf7 25. Nf4 g5 26. Nh5 Qe6 27. Qb3 Qe4+ 28. Kh2 Re8 29. f3 Qe2+ 30. Kh3 Qf1+ 31. Kg4 Qc4 32. Qb7+ Re7 33. Qa8 Qxd4+ 34. Kh3 f5 35. f4 Qd1 0-1

[Event "SVK-chT2A 1213"]
[Site "Slovakia"]
[Date "2012.12.02"]
[Round "4.3"]
[White "Machalova, Maria"]
[Black "Federic, Pavol"]
[Result "1-0"]
[WhiteElo "2105"]
[BlackElo "2192"]
[PlyCount "53"]
[EventDate "2012.10.13"]
[EventType "team-tourn"]
[EventRounds "11"]
[EventCountry "SVK"]
[SourceTitle "EXT 2015"]
[Source "ChessBase"]
[SourceDate "2014.11.20"]
[SourceVersion "1"]
[SourceVersionDate "2014.11.20"]
[SourceQuality "1"]
[WhiteTeam "Devinska Nova Ves"]
[BlackTeam "Modra II"]
[WhiteTeamCountry "SVK"]
[BlackTeamCountry "SVK"]

1. c4 Nf6 2. Nc3 d5 3. cxd5 Nxd5 4. d4 g6 5. e4 Nxc3 6. bxc3 Bg7 7. Be3 0-0 8. Be2 c5 9. Qd2 Nc6 10. Rd1 Qa5 11. h3 Be6 12. Nf3 Rfd8 13. 0-0 Bxa2 14. Qb2 cxd4 15. cxd4 Be6 16. Qxb7 Bd7 17. Bf4 Qb4 18. Ba6 e5 19. Nxe5 Rab8 20. Qc7 Nxe5 21. dxe5 Qb6 22. Rxd7 Rxd7 23. Qxd7 Qxa6 24. e6 Rb7 25. Qc8+ Bf8 26. Bh6 Qxe6 27. Qxf8# 1-0

[Event "SVK-chT 1112"]
[Site "Slovakia"]
[Date "2012.01.15"]
[Round "6.8"]
[White "Federic, Pavol"]
[Black "Janos, Martin"]
[Result "1-0"]
[WhiteElo "2219"]
[BlackElo "2252"]
[PlyCount "51"]
[EventDate "2011.10.22"]
[EventType "team-tourn"]
[EventRounds "11"]
[EventCountry "SVK"]
[SourceTitle "EXT 2013"]
[Source "ChessBase"]
[SourceDate "2012.11.22"]
[SourceVersion "1"]
[SourceVersionDate "2012.11.22"]
[SourceQuality "1"]
[WhiteTeam "Modra"]
[BlackTeam "Bratislava Doprastav"]
[WhiteTeamCountry "SVK"]
[BlackTeamCountry "SVK"]

1. e4 c5 2. Nf3 Nc6 3. d4 cxd4 4. Nxd4 d6 5. Nc3 e5 6. Nb3 h6 7. Be2 Nf6 8. 0-0 Be7 9. f4 a6 10. a4 Be6 11. Kh1 Bxb3 12. cxb3 Qb6 13. Bc4 Nb4 14. Qe2 0-0 15. Be3 Qc6 16. fxe5 dxe5 17. Rf5 Nxe4 18. Rxe5 Nxc3 19. bxc3 Bf6 20. Rf5 Bxc3 21. Raf1 Kh8 22. Bxf7 Qe4 23. R1f4 Qb1+ 24. Bg1 Rae8 25. Bxe8 Rxf5 26. Bg6 1-0

[Event "CZE-chT2E 1112"]
[Site "Czech Republic"]
[Date "2011.12.04"]
[Round "4.2"]
[White "Dvorak, Martin"]
[Black "Federic, Pavol"]
[Result "1-0"]
[WhiteElo "2083"]
[BlackElo "2219"]
[PlyCount "51"]
[EventDate "2011.10.09"]
[EventType "team-tourn"]
[EventRounds "11"]
[EventCountry "CZE"]
[SourceTitle "EXT 2013"]
[Source "ChessBase"]
[SourceDate "2012.11.22"]
[SourceVersion "1"]
[SourceVersionDate "2012.11.22"]
[SourceQuality "1"]
[WhiteTeam "Kromeriz II"]
[BlackTeam "Hustopece"]
[WhiteTeamCountry "CZE"]
[BlackTeamCountry "CZE"]

1. e4 e5 2. Nf3 Nc6 3. Bb5 a6 4. Ba4 Nf6 5. 0-0 Nxe4 6. d4 b5 7. Bb3 d5 8. dxe5 Be6 9. c3 Be7 10. Nbd2 0-0 11. Re1 Nc5 12. Bc2 Qd7 13. Nd4 Rae8 14. N2f3 f6 15. Nxc6 Qxc6 16. Nd4 Qd7 17. Qh5 f5 18. Bf4 Na4 19. g4 g6 20. Qh6 Bd8 21. gxf5 gxf5 22. Kh1 Kh8 23. Rg1 c5 24. Nxe6 Rf7 25. Nxd8 Qxd8 26. e6 1-0

[Event "SVK-chT 1112"]
[Site "Slovakia"]
[Date "2011.10.23"]
[Round "7.8"]
[White "Federic, Pavol"]
[Black "Macko, Michal"]
[Result "1/2-1/2"]
[WhiteElo "2219"]
[BlackElo "2146"]
[PlyCount "48"]
[EventDate "2011.10.22"]
[EventType "team-tourn"]
[EventRounds "11"]
[EventCountry "SVK"]
[SourceTitle "CBM 144 Extra"]
[Source "ChessBase"]
[SourceDate "2011.10.28"]
[SourceVersion "1"]
[SourceVersionDate "2011.10.28"]
[SourceQuality "1"]
[WhiteTeam "Modra"]
[BlackTeam "Liptov Magic"]
[WhiteTeamCountry "SVK"]
[BlackTeamCountry "SVK"]

1. e4 c5 2. Nf3 Nc6 3. d4 cxd4 4. Nxd4 Nf6 5. Nc3 e5 6. Ndb5 d6 7. Bg5 a6 8. Na3 Be6 9. Nc4 Rc8 10. Bxf6 Qxf6 11. Nb6 Rb8 12. Ncd5 Qd8 13. c3 Be7 14. Bc4 0-0 15. 0-0 Kh8 16. Qd3 Bg5 17. a4 f5 18. Rad1 fxe4 19. Qxe4 Bf5 20. Qe2 e4 21. Kh1 Ne5 22. Rd4 Nc6 23. Rdd1 Ne5 24. Rd4 Nc6 1/2-1/2

[Event "SVK-chT2A 1112"]
[Site "Slovakia"]
[Date "2011.10.08"]
[Round "1.3"]
[White "Kralovic, Andrej"]
[Black "Federic, Pavol"]
[Result "1/2-1/2"]
[WhiteElo "2172"]
[BlackElo "2219"]
[PlyCount "97"]
[EventDate "2011.10.08"]
[EventType "team-tourn"]
[EventRounds "11"]
[EventCountry "SVK"]
[SourceTitle "EXT 2013"]
[Source "ChessBase"]
[SourceDate "2012.11.22"]
[SourceVersion "1"]
[SourceVersionDate "2012.11.22"]
[SourceQuality "1"]
[WhiteTeam "Bratislava KSN"]
[BlackTeam "Modra II"]
[WhiteTeamCountry "SVK"]
[BlackTeamCountry "SVK"]

1. e4 e5 2. Nf3 Nc6 3. Bb5 a6 4. Bxc6 dxc6 5. 0-0 Qd6 6. Na3 b5 7. c3 c5 8. Nc2 Bg4 9. h3 Bh5 10. a4 Rd8 11. axb5 axb5 12. Qe2 c6 13. Ra6 Nf6 14. d4 exd4 15. cxd4 Qe6 16. Re1 Qc8 17. e5 Nd5 18. Ra7 Be7 19. e6 0-0 20. g4 Bg6 21. exf7+ Bxf7 22. Rxe7 Nxe7 23. Qxe7 Bb3 24. Ng5 Rde8 25. Qxc5 Bd5 26. Rxe8 Qxe8 27. Ne3 h6 28. Bd2 hxg5 29. Nxd5 cxd5 30. Qxd5+ Qf7 31. Qxf7+ Rxf7 32. Bxg5 Rf3 33. Kg2 Rd3 34. Be3 b4 35. Kf3 Rb3 36. Ke4 Rxb2 37. Kd3 Kf7 38. h4 Ke6 39. Kc4 Rb1 40. d5+ Kd7 41. Bd4 g6 42. h5 gxh5 43. gxh5 b3 44. h6 b2 45. Kb3 Rh1 46. Bxb2 Rxh6 47. Be5 Rh3+ 48. Kc4 Rf3 49. Bg3 1/2-1/2

[Event "SVK-chT 1011"]
[Site "Slovakia"]
[Date "2010.11.27"]
[Round "1.6"]
[White "Zvarik, Martin"]
[Black "Federic, Pavol"]
[Result "1-0"]
[WhiteElo "2273"]
[BlackElo "2213"]
[PlyCount "75"]
[EventDate "2010.11.27"]
[EventType "team-tourn"]
[EventRounds "11"]
[EventCountry "SVK"]
[SourceTitle "CBM 139 Extra"]
[Source "ChessBase"]
[SourceDate "2011.01.05"]
[SourceVersion "1"]
[SourceVersionDate "2011.01.05"]
[SourceQuality "1"]
[WhiteTeam "Trencin"]
[BlackTeam "Modra"]
[WhiteTeamCountry "SVK"]
[BlackTeamCountry "SVK"]

1. e4 e5 2. Nf3 Nc6 3. Bc4 Bc5 4. c3 Nf6 5. d3 d6 6. 0-0 0-0 7. Bg5 h6 8. Bh4 Be6 9. Nbd2 Qe7 10. Re1 a5 11. Qa4 Bxc4 12. Qxc4 a4 13. d4 Bb6 14. Nf1 g5 15. Bg3 Nh5 16. Ne3 Nxg3 17. hxg3 Ba5 18. d5 Nb8 19. Qxa4 c6 20. Qd1 Qf6 21. Nh2 Bd8 22. Nf5 c5 23. Qh5 Qg6 24. Qxg6+ fxg6 25. Nxd6 Ra6 26. Nc4 b5 27. Nxe5 h5 28. c4 Raf6 29. Re2 Bc7 30. Nef3 g4 31. Ng5 Be5 32. Ne6 R8f7 33. cxb5 Nd7 34. a4 c4 35. a5 Nf8 36. a6 Bb8 37. b6 Nxe6 38. dxe6 1-0

[Event "SVK-chT1W 0910"]
[Site "Slovakia"]
[Date "2010.01.17"]
[Round "7.2"]
[White "Federic, Pavol"]
[Black "Lukac, Roman"]
[Result "0-1"]
[WhiteElo "2190"]
[BlackElo "2140"]
[PlyCount "95"]
[EventDate "2009.10.17"]
[EventType "team"]
[EventRounds "11"]
[EventCountry "SVK"]
[SourceTitle "EXT 2011"]
[Source "ChessBase"]
[SourceDate "2010.11.26"]
[SourceVersion "1"]
[SourceVersionDate "2010.11.26"]
[SourceQuality "1"]
[WhiteTeam "Modra"]
[BlackTeam "Trnava Lokomotiva"]
[WhiteTeamCountry "SVK"]
[BlackTeamCountry "SVK"]

1. e4 e5 2. Nf3 Nc6 3. d4 exd4 4. Nxd4 Bc5 5. Be3 Qf6 6. c3 Nge7 7. Bc4 Bb6 8. 0-0 0-0 9. f4 d6 10. Kh1 Bd7 11. b4 Rad8 12. b5 Nxd4 13. cxd4 d5 14. e5 Qg6 15. Be2 Bf5 16. Nc3 Qe6 17. g4 Be4+ 18. Bf3 f5 19. g5 Qd7 20. Qb3 Kh8 21. Kg2 Ng6 22. Kg3 Qf7 23. Bh5 Qe6 24. Nxe4 fxe4 25. f5 Rxf5 26. Bg4 Ne7 27. Bxf5 Nxf5+ 28. Kg2 Bxd4 29. Bxd4 Nxd4 30. Qg3 Nf3 31. Rac1 c6 32. bxc6 bxc6 33. Qf4 Qg6 34. h4 h6 35. Kf2 Qe6 36. gxh6 gxh6 37. Ke3 Nxe5 38. Qf6+ Qxf6 39. Rxf6 Ng4+ 40. Kd4 Nxf6 41. Rxc6 Kg7 42. Ra6 Rd7 43. a4 Re7 44. Rc6 e3 45. Rc1 e2 46. Re1 Re4+ 47. Kc5 d4 48. Kc4 0-1

[Event "SVK-chT1W 0910"]
[Site "Slovakia"]
[Date "2009.10.17"]
[Round "1.4"]
[White "Szucs, Vladimir"]
[Black "Federic, Pavol"]
[Result "0-1"]
[WhiteElo "2095"]
[BlackElo "2190"]
[PlyCount "80"]
[EventDate "2009.10.17"]
[EventType "team"]
[EventRounds "11"]
[EventCountry "SVK"]
[SourceTitle "EXT 2011"]
[Source "ChessBase"]
[SourceDate "2010.11.26"]
[SourceVersion "1"]
[SourceVersionDate "2010.11.26"]
[SourceQuality "1"]
[WhiteTeam "Nove Zamky Basta"]
[BlackTeam "Modra"]
[WhiteTeamCountry "SVK"]
[BlackTeamCountry "SVK"]

1. Nf3 d5 2. d4 Nf6 3. c4 e6 4. cxd5 exd5 5. Nc3 Nbd7 6. Bg5 c6 7. e3 Be7 8. Bd3 0-0 9. 0-0 Ne4 10. Bxe7 Qxe7 11. Qc2 f5 12. Rab1 a5 13. a3 Rf6 14. b4 axb4 15. axb4 b5 16. Qb3 Nb6 17. Ra1 Rxa1 18. Rxa1 Rh6 19. g3 Nc4 20. Ra8 Nb6 21. Ra2 Qe8 22. Bf1 g5 23. Bg2 Qh5 24. Ne2 Rf6 25. Ne5 Nc4 26. Qc2 Ned2 27. Nxc4 Nxc4 28. Ra8 Rf8 29. Nc3 Qf7 30. Qa2 Qe7 31. Qb3 Nxe3 32. fxe3 Qxe3+ 33. Kf1 f4 34. g4 f3 35. Bh1 Qd3+ 36. Kf2 Qxd4+ 37. Kf1 Qd3+ 38. Kf2 Qd2+ 39. Kg3 Qe1+ 40. Kh3 Qh4# 0-1

[Event "SVK-chT2A 0910"]
[Site "Slovakia"]
[Date "2009.10.11"]
[Round "2.2"]
[White "Federic, Pavol"]
[Black "Janos, Martin"]
[Result "0-1"]
[WhiteElo "2190"]
[BlackElo "2192"]
[PlyCount "72"]
[EventDate "2009.10.10"]
[EventType "team-tourn"]
[EventRounds "11"]
[EventCountry "SVK"]
[SourceTitle "EXT 2011"]
[Source "ChessBase"]
[SourceDate "2010.11.26"]
[SourceVersion "1"]
[SourceVersionDate "2010.11.26"]
[SourceQuality "1"]
[WhiteTeam "Modra II"]
[BlackTeam "Devinska Nova Ves"]
[WhiteTeamCountry "SVK"]
[BlackTeamCountry "SVK"]

1. e4 c5 2. Nf3 Qa5 3. Nc3 Nc6 4. g3 g6 5. Bg2 Bg7 6. 0-0 d6 7. Nd5 Nf6 8. Re1 0-0 9. c3 e5 10. Ne3 Ne8 11. d3 Rb8 12. a4 Qd8 13. Nc2 Be6 14. d4 exd4 15. cxd4 Bb3 16. Ra3 Bxc2 17. Qxc2 cxd4 18. Bg5 Qd7 19. Rd1 Nc7 20. Qc1 Rfe8 21. Bh6 Bf6 22. b4 b5 23. Ng5 bxa4 24. f4 Nxb4 25. Bh3 Ne6 26. e5 dxe5 27. fxe5 Bxe5 28. Rf3 f5 29. Rxf5 gxf5 30. Bxf5 Kh8 31. Nxe6 Rxe6 32. Re1 Qd6 33. Bxe6 Nd3 34. Qg5 Nxe1 35. Qf5 Nd3 36. Ba2 Qxh6 0-1

[Event "SVK-chT 0809"]
[Site "Slovakia"]
[Date "2009.03.15"]
[Round "11"]
[White "Lipka, Juraj"]
[Black "Federic, Pavol"]
[Result "1-0"]
[WhiteElo "2426"]
[BlackElo "2238"]
[PlyCount "59"]
[EventDate "2008.10.25"]
[EventType "team-tourn"]
[EventRounds "11"]
[EventCountry "SVK"]
[SourceTitle "EXT 2019"]
[Source "ChessBase"]
[SourceDate "2018.10.10"]
[SourceVersion "1"]
[SourceVersionDate "2018.10.10"]
[SourceQuality "1"]
[WhiteTeam "Dunajov"]
[BlackTeam "Modra"]
[WhiteTeamCountry "SVK"]
[BlackTeamCountry "SVK"]

1. Nf3 Nf6 2. c4 e6 3. Nc3 c5 4. g3 Nc6 5. Bg2 Be7 6. 0-0 0-0 7. d4 cxd4 8. Nxd4 Qb6 9. Ndb5 a6 10. Be3 Qa5 11. Nd6 Ng4 12. Nxc8 Raxc8 13. Bd2 Qh5 14. h3 Nce5 15. b3 f5 16. e3 Bc5 17. f4 Rf6 18. fxe5 Rh6 19. Qf3 Rf8 20. Na4 Be7 21. c5 b5 22. cxb6 d6 23. e4 Rg6 24. exf5 exf5 25. hxg4 Rxg4 26. b7 f4 27. Bxf4 d5 28. Be3 Rd8 29. Qxd5+ Rxd5 30. Bxd5+ 1-0

[Event "SVK-chT2A 0809"]
[Site "Slovakia"]
[Date "2008.12.06"]
[Round "5.2"]
[White "Klemanic, Emil"]
[Black "Federic, Pavol"]
[Result "1-0"]
[WhiteElo "2230"]
[BlackElo "2238"]
[PlyCount "82"]
[EventDate "2008.10.11"]
[EventType "team-tourn"]
[EventRounds "11"]
[EventCountry "SVK"]
[SourceTitle "EXT 2010"]
[Source "ChessBase"]
[SourceDate "2010.11.25"]
[SourceVersion "1"]
[SourceVersionDate "2010.11.25"]
[SourceQuality "1"]
[WhiteTeam "Pezinok KS"]
[BlackTeam "Modra II"]
[WhiteTeamCountry "SVK"]
[BlackTeamCountry "SVK"]

1. e4 e5 2. Nc3 Nc6 3. Bc4 Bb4 4. Nge2 d6 5. 0-0 Bg4 6. f3 Be6 7. Bxe6 fxe6 8. d3 Bc5+ 9. Kh1 Nf6 10. Na4 Bb6 11. Nxb6 axb6 12. Bg5 0-0 13. f4 Qe8 14. fxe5 Nxe5 15. Bxf6 Rxf6 16. Rxf6 gxf6 17. Ng3 Qg6 18. a3 Ng4 19. Qf3 Ra5 20. h3 Ne5 21. Qf2 Nf7 22. Rf1 Kg7 23. Ne2 Qh6 24. Nf4 f5 25. exf5 exf5 26. Qg3+ Kf8 27. d4 c6 28. Re1 d5 29. Ne6+ Ke7 30. Ng7+ Kd7 31. Nxf5 Qf8 32. Re7+ Qxe7 33. Nxe7 Kxe7 34. Qc7+ Ke6 35. Qxb7 Nd6 36. Qxc6 Ra7 37. Qxb6 Rb7 38. Qd8 Rxb2 39. Qg8+ Kf6 40. Qxd5 Nf5 41. Qe5+ Kg6 1-0

[Event "SVK-chT2A 0809"]
[Site "Slovakia"]
[Date "2008.11.09"]
[Round "4.2"]
[White "Federic, Pavol"]
[Black "Maslikova, Veronika"]
[Result "1/2-1/2"]
[WhiteElo "2238"]
[BlackElo "2187"]
[PlyCount "198"]
[EventDate "2008.10.11"]
[EventType "team-tourn"]
[EventRounds "11"]
[EventCountry "SVK"]
[SourceTitle "EXT 2010"]
[Source "ChessBase"]
[SourceDate "2010.11.25"]
[SourceVersion "1"]
[SourceVersionDate "2010.11.25"]
[SourceQuality "1"]
[WhiteTeam "Modra II"]
[BlackTeam "Bratislava Doprastav IV"]
[WhiteTeamCountry "SVK"]
[BlackTeamCountry "SVK"]

1. e4 c5 2. Nf3 d6 3. d4 cxd4 4. Nxd4 Nf6 5. Nc3 Nc6 6. Be2 a6 7. Be3 e6 8. 0-0 Be7 9. a4 0-0 10. Kh1 Qc7 11. f4 Nxd4 12. Bxd4 e5 13. Be3 exf4 14. Rxf4 Be6 15. Nd5 Bxd5 16. exd5 Nd7 17. Ra3 Bf6 18. Rb3 Be5 19. Rfb4 Nc5 20. Bxc5 Qxc5 21. Rxb7 Rac8 22. c3 Qa5 23. R3b6 Qc5 24. Bxa6 Qf2 25. Rb4 Rc5 26. R7b5 g6 27. Qg1 Qd2 28. Rxc5 dxc5 29. Qxc5 Bd6 30. Qd4 Qe1+ 31. Qg1 Qxg1+ 32. Kxg1 Bxb4 33. cxb4 Rb8 34. Bb5 Kf8 35. Kf2 Ke7 36. Ke3 Kd6 37. Kd4 f5 38. Kc4 f4 39. Bc6 g5 40. a5 g4 41. a6 f3 42. gxf3 gxf3 43. a7 Rf8 44. Kd4 f2 45. Bb5 Ra8 46. Ke3 Rxa7 47. Kxf2 Ra2 48. Be2 Rxb2 49. b5 Kxd5 50. Kf3 Kd4 51. h4 Rb3+ 52. Kg4 Ke3 53. Bd1 Rxb5 54. Bc2 h5+ 55. Kg3 Rd5 56. Bg6 Rc5 57. Bf7 Rf5 58. Be8 Rf3+ 59. Kg2 Rf8 60. Bxh5 Rh8 61. Bg4 Rxh4 62. Kg3 Rh7 63. Bf5 Rg7+ 64. Kh4 Kf4 65. Bd3 Rg3 66. Bh7 Rg1 67. Kh5 Rh1+ 68. Kg6 Ke5 69. Kg7 Rg1+ 70. Kh8 Kf6 71. Bg8 Re1 72. Bh7 Kf7 73. Bg8+ Kg6 74. Bh7+ Kh6 75. Bg8 Re7 76. Bc4 Rc7 77. Bd5 Re7 78. Bc4 Rd7 79. Bb3 Kg6 80. Bc2+ Kf7 81. Bb3+ Kf6 82. Ba2 Rg7 83. Bb3 Kg6 84. Bc2+ Kh6 85. Bb3 Rc7 86. Bd5 Rh7+ 87. Kg8 Rd7 88. Bc4 Re7 89. Bd3 Re3 90. Bc2 Rc3 91. Be4 Kg5 92. Kh8 Kf6 93. Bh7 Rh3 94. Kg8 Rc3 95. Kh8 Kf7 96. Bg8+ Kf8 97. Bh7 Rc7 98. Bg8 Rc6 99. Bh7 Rf6 1/2-1/2